« Retourner aux résultats de recherche
Retour sur l'île
| Auteur principal: | Viveca Sten Auteur du texte |
|---|---|
| D'autres auteurs: | Rémi Cassaigne Traducteur |
| Support: | Livres |
| Langue: | Francais |
| Publié: |
2019 Libra diffusio Le Mans |
| Genre: |
Roman (gros caractères) |
| Collection: |
Corps 16 |
| Sujets: | |
| Étiquettes: |
Ajouter
Pas de Tags !
|
| LEADER | 01135nam0a2200217 450 | ||
|---|---|---|---|
| 001 | 16847575 | ||
| 010 | |a 978-2-37932-002-6 |b br. |d 24,5 | ||
| 100 | |a 20190402d2019 u u0frey01 ba | ||
| 101 | 1 | |a fre |c swe | |
| 102 | |a FR | ||
| 200 | 0 | |a Retour sur l'île |f Viveca Sten |g traduit du suédois par Rémi Cassaigne | |
| 207 | 1 | |a | |
| 210 | |a Le Mans |c Libra diffusio |d 2019 | ||
| 215 | |a 1 vol. (544 p.) |d 24 x 15 cm | ||
| 225 | 1 | |a Corps 16 | |
| 330 | |a Le lendemain de Noël, alors qu'une tempête de neige fait rage sur l'île de Sandhamn, le cadavre de la correspondante de guerre Jeanette Thiels, connue pour ses prises de position virulentes contre certaines personnalités d'un parti conservateur, est retrouvé sur la plage. Le meurtre pourrait être politique, mais il pourrait aussi avoir été commis pour des raisons plus personnelles. | ||
| 700 | 0 | |a Sten |b Viveca |c Auteur du texte |f 1959-.... |4 70 | |
| 702 | 0 | |a Cassaigne |b Rémi |c Traducteur |f 1971-.... |4 730 | |
| 900 | |a Roman (gros caractères) | ||
| 901 | |a Accessible au prêt | ||
| 995 | |a Bibliothèque |c Bibliothèque |f 00156009984154 |h 00156009984154 |k RP STE |o p |q a |r az |e Bibliothèque | ||
